Capitals Without the Letters of “Oslo” - Statistics

General Stats
  • This quiz has been taken 12 times
  • The average score is 23 of 49
Answer Stats
Continents Capitals % Correct
Europe Vienna
90%
Asia Beijing
80%
Europe Madrid
80%
Asia Abu Dhabi
70%
Asia Amman
70%
Asia Jakarta
70%
Africa Abuja
60%
Asia Ankara
60%
Asia Beirut
60%
Europe Bern
60%
Oceania Canberra
60%
Asia Dhaka
60%
North America Havana
60%
Europe Kiev
60%
Europe Reykjavik
60%
Europe Riga
60%
Asia Taipei
60%
Europe Tirana
60%
Europe Vaduz
60%
Europe Zagreb
60%
Africa Accra
50%
Asia Kathmandu
50%
Europe Vatican City
50%
Asia Yerevan
50%
Oceania Apia
40%
Asia Baghdad
40%
Asia Baku
40%
Africa Bangui
40%
Africa Dakar
40%
Asia Kuwait City
40%
Asia Manama
40%
North America Panama City
40%
Europe Prague
40%
Africa Rabat
40%
Asia Riyadh
40%
Asia Tehran
40%
Asia Thimphu
40%
Oceania Funafuti
30%
Africa Juba
30%
North America Managua
30%
Africa Praia
30%
Asia Vientiane
30%
Oceania Yaren
30%
Africa Gitega
20%
Africa Mbabane
20%
Africa N'Djamena
20%
Africa Niamey
20%
Africa Harare
10%
Asia Naypyidaw
0%
No matching quizzes found
Score Distribution
Percent of People with Each Score
Percentile by Number Answered
Your Score History
You have not taken this quiz